LEADER 00922nam0-22003011i-450- 001 990003796970403321 005 20001010 010 $a88-415-4454-6 035 $a000379697 035 $aFED01000379697 035 $a(Aleph)000379697FED01 035 $a000379697 100 $a20001010d--------km-y0itay50------ba 101 0 $aita 105 $ay-------001yy 200 1 $aENCICLOPEDIA del Cristianesimo$estoria e attualità di 2000 anni di speranza$f[consulenza generale e coordinamentoscientifico di Gianni Ambrosio]. 210 $aNovara$cIstituto geografico De Agostini$dc1997 215 $a.703 p.$cill.$d24 cm 610 0 $aCRISTIANESIMO$aEnciclopedie e dizionari 676 $a203 801 0$aIT$bUNINA$gRICA$2UNIMARC 901 $aBK 912 $a990003796970403321 952 $a203 DEA 1$b6523$fBFS 959 $aBFS 996 $aENCICLOPEDIA del Cristianesimo$9506549 997 $aUNINA DB $aING01 LEADER 01155nam--2200397---450 001 990001268310203316 005 20210604163645.0 035 $a000126831 035 $aUSA01000126831 035 $a(ALEPH)000126831USA01 035 $a000126831 100 $a20031120d1980----km-y0itay0103----ba 101 0 $afre 102 $aFR 105 $aa|||||||001yy 200 1 $a<>attention$fJean-François Richard 210 $aParis$cPresses universitaires de France$d1980 215 $a234 p.$cill.$d21 cm 225 2 $a<> psychologue$v77 410 0$12001$a<> psychologue$v77 454 1$12001 461 1$1001-------$12001 606 0 $aAttenzione$xStudi 676 $a153.1532 700 1$aRICHARD,$bJean-François$0536421 801 0$aIT$bsalbc$gISBD 912 $a990001268310203316 951 $aII.3. 2089(VI ps B Coll 41/77)$b14014 L.M.$cVI ps 959 $aBK 969 $aUMA 979 $aSIAV6$b10$c20031120$lUSA01$h1220 979 $aSIAV6$b10$c20031120$lUSA01$h1221 979 $aPATRY$b90$c20040406$lUSA01$h1730 979 $aCOPAT2$b90$c20051102$lUSA01$h1534 996 $aAttention$91800322 997 $aUNISA